书目信息 |
| 题名: |
精讲多练MATLAB
|
|
| 作者: | 罗建军 , 杨琦 编著 | |
| 分册: | ||
| 出版信息: | 西安 西安交通大学出版社 2010.01 |
|
| 页数: | 188页 | |
| 开本: | 23cm | |
| 丛书名: | ||
| 单 册: | ||
| 中图分类: | TP391.75 | |
| 科图分类: | ||
| 主题词: | 计算机辅助计算--ji suan ji fu zhu ji suan--软件包--高等学校--教材 | |
| 电子资源: | ||
| ISBN: | 978-7-5605-3229-5 | |
| 000 | 00951nam0 2200277 450 | |
| 001 | 012010633733 | |
| 005 | 20101222083151.53 | |
| 010 | @a978-7-5605-3229-5@dCNY20.00 | |
| 100 | @a20101222d2010 em y0chiy0120 ea | |
| 101 | 0 | @achi |
| 102 | @aCN@b610000 | |
| 105 | @aa a 000yy | |
| 106 | @ar | |
| 200 | 1 | @a精讲多练MATLAB@Ajing jiang duo lian MATLAB@f罗建军, 杨琦编著@Fluo jian jun, yang qi bian zhu |
| 205 | @a第2版 | |
| 210 | @a西安@c西安交通大学出版社@d2010.01 | |
| 215 | @a188页@c图@d23cm | |
| 300 | @a西安交通大学“十一五”规划教材 | |
| 320 | @a有书目 | |
| 330 | @a本教程共分六章,分别对应六个教学点。内容包括:MATLAB语言的基本使用方法,MATLAB的数值运算,MATLAB符号计算等。 | |
| 606 | 0 | @a计算机辅助计算@Aji suan ji fu zhu ji suan@x软件包@x高等学校@j教材 |
| 690 | @aTP391.75@v4 | |
| 701 | 0 | @a罗建军@Aluo jian jun@4编著 |
| 701 | 0 | @a杨琦@Ayang qi@4编著 |
| 801 | 0 | @aCN@bQSSK@c20101222 |
| 905 | @b790519-21@dTP391.75@eL942@f3 | |
| 精讲多练MATLAB/罗建军, 杨琦编著.-第2版.-西安:西安交通大学出版社,2010.01 |
| 188页:图;23cm |
| 西安交通大学“十一五”规划教材 |
| ISBN 978-7-5605-3229-5:CNY20.00 |
| 本教程共分六章,分别对应六个教学点。内容包括:MATLAB语言的基本使用方法,MATLAB的数值运算,MATLAB符号计算等。 |
| ● |
| 相关链接 |
|
|
|
正题名:精讲多练MATLAB
索取号:TP391.75/L942
 
预约/预借
| 序号 | 登录号 | 条形码 | 馆藏地/架位号 | 状态 | 备注 |
| 1 | 790519 | 207905196 | 自科库301/301自科库 113排1列6层/ [索取号:TP391.75/L942] | 在馆 | |
| 2 | 790520 | 207905203 | 自科库301/301自科库 113排1列6层/ [索取号:TP391.75/L942] | 在馆 | |
| 3 | 790521 | 207905212 | 自科库301/301自科库 113排1列6层/ [索取号:TP391.75/L942] | 在馆 |